Frente al deber

保存先:
書誌詳細
第一著者: Hoornaert, G (著者)
フォーマット: 図書
言語:スペイン語
出版事項: Santiago Difusión Chilena 1942
主題:
タグ: タグ追加
タグなし, このレコードへの初めてのタグを付けませんか!

MARC

LEADER 00000nam a2200000 a 4500
001 UCI4597
003 CL-VaPUC
008 080125e19420000CL |||||||||||||||||spa|d
082 0 4 |a 242  |b HOO  |2 21 
100 |a Hoornaert, G  |e author  |9 583610 
245 1 0 |a Frente al deber 
300 |a 486 p 
942 |c BK 
945 |d 20080125 00:00:00  |a rbrito 
260 |a Santiago  |b Difusión Chilena  |c 1942 
500 |a Donación Padres Capuchinos 
650 0 |a Oración  |9 313348 
650 0 |a Vida religiosa  |9 257284 
650 0 |a Sacerdocio  |9 319738 
650 0 |a Meditaciones  |9 309833 
583 |a last modification  |c 20080125 00:00:00  |k Rodrigo Vera 
999 |c 328501  |d 328499 
952 |0 0  |1 0  |4 0  |6 242_000000000000000_HOO_1942  |7 0  |8 X  |9 412430  |a FDOBUD  |b FDOBUD  |d 2019-11-22  |i 4407199  |o 242 HOO 1942  |p 4407199  |r 2019-11-22  |w 2019-11-22  |y BK_X  |k BUD